000
00386nam a2200133Ia 4500
008
100328s9999 xx 000 0 und d
082
_b
36305
100
_a
पवार जयंत
245
_a
वंश (पाऊलखुणा)
260
_b
अभिनव
630
_a
वंश (पाऊलखुणा)
730
_a
वंश (पाऊलखुणा)
942
_c
BOOK
999
_c
526003
_d
526000